书目信息 |
| 题名: |
危险化学品储存
|
|
| 作者: | 王晶禹 , 王保国 , 张树海 编著 | |
| 分册: | ||
| 出版信息: | 北京 化学工业出版社 2005 |
|
| 页数: | 350页 | |
| 开本: | 24cm | |
| 丛书名: | 危险化学品安全丛书 | |
| 单 册: | ||
| 中图分类: | TQ086.5 | |
| 科图分类: | ||
| 主题词: | 化工产品--危险物品管理--储存 , 化工产品 , 危险物品管理 | |
| 电子资源: | ||
| ISBN: | 7-5025-7083-7 | |
| 000 | 01087oam2 2200301 450 | |
| 001 | 012007181900 | |
| 005 | 20070522163917.01 | |
| 010 | @a7-5025-7083-7@dCNY45.00 | |
| 100 | @a20070515d2005 km y0chiy0120 ea | |
| 101 | 0 | @achi |
| 102 | @aCN@b110000 | |
| 105 | @ay z 000yy | |
| 106 | @ar | |
| 200 | 1 | @a危险化学品储存@Awei xian hua xue pin chu cun@f王晶禹,王保国,张树海编著@Fwang jing yu,wang bao guo,zhang shu hai bian zhu |
| 210 | @a北京@c化学工业出版社@d2005 | |
| 215 | @a350页@d24cm | |
| 225 | 2 | @a危险化学品安全丛书 |
| 330 | @a本书围绕危险化学品储存安全技术、安全管理及储存场地设施进行了系统介绍。详述了危险化学品基础知识,防火防爆技术,静电消除及防雷技术,各类危险化学品储存安全管理法规和管理制度等。 | |
| 461 | 0 | @12001 @a危险化学品安全丛书 |
| 606 | 0 | @a化工产品@x危险物品管理@x储存 |
| 606 | 0 | @a化工产品 |
| 606 | 0 | @a危险物品管理 |
| 690 | @aTQ086.5@v4 | |
| 701 | 0 | @a王晶禹@Awang jing yu@4编著 |
| 701 | 0 | @a王保国@Awang bao guo@c(化工)@4编著 |
| 701 | 0 | @a张树海@Azhang shu hai@c(化工) @4编著 |
| 801 | 0 | @aCN@bRULIN@c20070522 |
| 905 | @dTQ086.5@e123@s8 | |
| 危险化学品储存/王晶禹,王保国,张树海编著.-北京:化学工业出版社,2005 |
| 350页;24cm .-(危险化学品安全丛书) |
| ISBN 7-5025-7083-7:CNY45.00 |
| 本书围绕危险化学品储存安全技术、安全管理及储存场地设施进行了系统介绍。详述了危险化学品基础知识,防火防爆技术,静电消除及防雷技术,各类危险化学品储存安全管理法规和管理制度等。 |
| ● |
| 相关链接 |
|
|
|
|
正题名:危险化学品储存
索取号:TQ086.5/123
 
预约/预借
| 序号 | 登录号 | 条形码 | 馆藏地/架位号 | 状态 | 备注 |
| 1 | 0579327 | 205793275 | 第二样本阅览室/ [索取号:TQ086.5/123] | 在馆 | |
| 2 | 0579328 | 205793284 | 密集书库/ [索取号:TQ086.5/123] | 在馆 | |
| 3 | 0579329 | 205793293 | 密集书库/ [索取号:TQ086.5/123] | 在馆 | |
| 4 | 0579330 | 205793300 | 第三借阅区/ [索取号:TQ086.5/123] | 在馆 | |
| 5 | 0579331 | 205793319 | 密集书库/ [索取号:TQ086.5/123] | 在馆 | |
| 6 | 0579332 | 205793328 | 第三借阅区/ [索取号:TQ086.5/123] | 在馆 | |
| 7 | 0579333 | 205793337 | 第三借阅区/ [索取号:TQ086.5/123] | 在馆 | |
| 8 | 0579334 | 205793346 | 第三借阅区/ [索取号:TQ086.5/123] | 在馆 |